Štrukturálna charakteristika konkurencieschopnosti slovenskej ekonomiky diplomová práca

Salvato in:
Dettagli Bibliografici
Autore principale: Szemová, Lenka
Ente Autore: Národohospodárska fakulta EU. Katedra hospodárskej politiky
Altri autori: Lábaj, Martin, 1982-
Natura: Libro
Lingua:slovacco
Pubblicazione: Bratislava 2009
Tags: Aggiungi Tag
Nessun Tag, puoi essere il primo ad aggiungerne!!

MARC

LEADER 00000nam$a2200000$$$4500
001 0095823
005 20240319123903.8
041 0 |a slo 
044 |a SK 
245 1 0 |a Štrukturálna charakteristika konkurencieschopnosti slovenskej ekonomiky  |b diplomová práca  |c Lenka Szemová ; škol. Martin Lábaj 
264 1 |a Bratislava  |c 2009 
300 |a 86 s. 
100 1 |a Szemová, Lenka 
700 1 |a Lábaj, Martin, 1982- 
710 2 |a Národohospodárska fakulta EU. Katedra hospodárskej politiky